Tabla Histórica de la Primera División Argentina - Estadísticas

Estadísticas generales
  • Esta prueba ha sido intentada 369 veces
    35 desde el último reinicio
  • La puntuación promedio es 24 de 30
Estadísticas de respuestas
# PTS PJ Equipos % Correcto
2 5474 3825 Boca Juniors
100%
4 4946 3870 Independiente
100%
7 4419 3759 Estudiantes (LP)
96%
5 4821 3796 Racing Club
96%
1 5676 3939 River Plate
96%
24 1019 881 Belgrano (Cba)
92%
10 3509 3070 Newells Old Boys
92%
3 4994 3813 San Lorenzo
92%
23 1448 1237 Talleres (Cba)
92%
6 4455 3666 Velez Sarsfield
92%
17 1976 2090 Chacarita Juniors
88%
8 3638 3354 Gimnasia y Esgrima (LP)
88%
11 3315 2935 Rosario Central
88%
18 1906 1654 Colón
85%
14 2603 2788 Ferro Carril Oeste
85%
22 1606 1507 Unión (SF)
85%
13 2987 2878 Argentinos Juniors
81%
9 3621 3291 Huracán
81%
16 2535 2460 Banfield
77%
12 3021 2742 Lanús
77%
19 1737 2041 Atlanta
73%
26 755 592 Godoy Cruz
73%
27 646 650 Instituto (Cba)
73%
15 2540 2602 Platense
73%
21 1610 1765 Quilmes
73%
20 1637 1737 Tigre
62%
28 604 666 All Boys
50%
25 865 680 Arsenal
46%
29 591 723 Estudiantes (BA)
38%
30 566 557 Deportivo Español
27%
No se encontraron pruebas coincidentes
Distribución de puntuación
Porcentaje de gente con cada puntuación
Porcentaje por número respondido
Historial de tus puntuaciones
No has intentado esta prueba desde el último reinicio